|
|
|
|
| LEADER |
00000nab a2200000 a 4500 |
| 001 |
vtls000877868 |
| 003 |
SK-MaSNL |
| 005 |
20260302160840.0 |
| 008 |
140328c2004 xo 0 slo |
| 015 |
|
|
|a SNBRB2004/07-20251
|
| 035 |
|
|
|a CLN000229420
|
| 040 |
|
|
|a SNKBUCL
|b slo
|c SNKBUCL
|e AACR2
|
| 041 |
0 |
|
|a slo
|
| 044 |
|
|
|a xo
|c SK
|
| 080 |
|
|
|a 598.279.23(437.6):502.743
|2 1997
|
| 080 |
|
|
|a 502.743(437.6)
|2 1997
|
| 080 |
|
|
|a 502.4(437.6)
|2 1997
|
| 100 |
1 |
|
|a Šnírer, Ladislav
|4 aut
|9 836560
|
| 245 |
1 |
0 |
|a Orol krikľavý v CHKO Ponitrie
|c Ladislav Šnírer, Stanislav Harvančík
|
| 300 |
|
|
|b Fotogr.
|
| 504 |
|
|
|a Bibliogr. odkazy
|
| 650 |
0 |
7 |
|a orol krikľavý
|2 snkbucl
|9 29396
|
| 651 |
|
7 |
|a Chránená krajinná oblasť Ponitrie (Slovensko)
|2 snkbucl
|9 15585
|
| 655 |
|
7 |
|a články z novín a časopisov
|2 snkbucl
|9 267496
|
| 700 |
1 |
|
|a Harvančík, Stanislav,
|d 1958-
|4 aut
|9 109395
|
| 773 |
0 |
|
|t Chránené územia Slovenska
|g Č. 59 (2004), s. 28
|x 1335-1737
|
| 850 |
|
|
|a Slovenská národná knižnica v Martine
|
| 852 |
|
|
|a SNK
|b KIS3GCP
|
| 992 |
|
|
|a RBX
|
| 999 |
|
|
|c 1375713
|d 1377643
|